MARC details
| 000 -LEADER |
| fixed length control field |
02432cam a2200505Mi 4500 |
| 001 - CONTROL NUMBER |
| control field |
on1409135898 |
| 003 - CONTROL NUMBER IDENTIFIER |
| control field |
OCoLC |
| 005 - DATE AND TIME OF LATEST TRANSACTION |
| control field |
20240108144939.0 |
| 008 - FIXED-LENGTH DATA ELEMENTS--GENERAL INFORMATION |
| fixed length control field |
230227t20242024nyua j 6 000 0 eng d |
| 020 ## - INTERNATIONAL STANDARD BOOK NUMBER |
| International Standard Book Number |
9781419770494 |
| Qualifying information |
(hardcover) |
| 020 ## - INTERNATIONAL STANDARD BOOK NUMBER |
| International Standard Book Number |
1419770497 |
| Qualifying information |
(hardcover) |
| 035 ## - SYSTEM CONTROL NUMBER |
| System control number |
(OCoLC)1409135898 |
| 040 ## - CATALOGING SOURCE |
| Original cataloging agency |
AU@ |
| Language of cataloging |
eng |
| Description conventions |
rda |
| Transcribing agency |
AU@ |
| Modifying agency |
FM0 |
| -- |
OCLCO |
| -- |
BDX |
| -- |
UOK |
| 049 ## - LOCAL HOLDINGS (OCLC) |
| Holding library |
UOKA |
| 082 04 - DEWEY DECIMAL CLASSIFICATION NUMBER |
| Classification number |
741.5/973 |
| Edition number |
23/eng/20231222 |
| 092 ## - LOCALLY ASSIGNED DEWEY CALL NUMBER (OCLC) |
| Classification number |
junior graphic |
| Item number |
Maihack |
| 100 1# - MAIN ENTRY--PERSONAL NAME |
| Personal name |
Maihack, Mike |
| Relator term |
author, |
| -- |
artist. |
| 9 (RLIN) |
5778728 |
| 245 10 - TITLE STATEMENT |
| Title |
Spider-Man. |
| Name of part/section of a work |
Quantum quest! / |
| Statement of responsibility, etc |
written and illustrated by Mike Maihack. |
| 246 30 - VARYING FORM OF TITLE |
| Title proper/short title |
Quantum quest! |
| 246 1# - VARYING FORM OF TITLE |
| Display text |
Title appears on item as: |
| Title proper/short title |
Mighty Marvel team-up Spider-Man. |
| Name of part/section of a work |
Quantum quest! |
| 264 #1 - Production, Publication, Distribution, Manufacture, and Copyright Notice. |
| Place of production, publication, distribution, manufacture |
New York : |
| Name of producer, publisher, distributor, manufacturer |
Amulet Books, |
| Date of production, publication, distribution, manufacture, or copyr |
2024. |
| 264 #4 - Production, Publication, Distribution, Manufacture, and Copyright Notice. |
| Date of production, publication, distribution, manufacture, or copyr |
�2024 |
| 300 ## - PHYSICAL DESCRIPTION |
| Extent |
81 pages : |
| Other physical details |
chiefly illustrations, color ; |
| Dimensions |
22 cm. |
| 336 ## - Content Type |
| Content type term |
text |
| 336 ## - Content Type |
| Content type term |
still image |
| 337 ## - Media type |
| Media type term |
unmediated |
| 338 ## - Carrier type |
| Carrier type term |
volume |
| 490 1# - SERIES STATEMENT |
| Series statement |
A Mighty Marvel Team-Up ; |
| Volume number/sequential designation |
2 |
| 500 ## - GENERAL NOTE |
| General note |
"An original graphic novel"--Cover. |
| 500 ## - GENERAL NOTE |
| General note |
"Featuring the Fantastic Four"--Cover. |
| 520 ## - SUMMARY, ETC. |
| Summary, etc |
"During an average morning of heroic deeds, Spider-Man is interrupted by the Fantastic Four and Namor with distressing news: The great underwater city of Atlantis has disappeared, and the heroes need Spider-Man's help to find it! While Spider-Man takes on the uncertain mission hoping not to disappoint the heroes... But when other super heroes start going missing around the city, Spidey realizes he might need more than just super-powers to save the day."-- |
| 600 00 - SUBJECT ADDED ENTRY--PERSONAL NAME |
| Personal name |
Spider-Man |
| Titles and other words associated with a name |
(Fictitious character) |
| Form subdivision |
Comic books, strips, etc. |
| 9 (RLIN) |
5720038 |
| 650 #0 - SUBJECT ADDED ENTRY--TOPICAL TERM |
| Topical term or geographic name as entry element |
Fantastic Four (Fictitious characters) |
| Form subdivision |
Comic books, strips, etc. |
| 9 (RLIN) |
6471956 |
| 650 #0 - SUBJECT ADDED ENTRY--TOPICAL TERM |
| Topical term or geographic name as entry element |
Atlantis (Legendary place) |
| Form subdivision |
Comic books, strips, etc. |
| 9 (RLIN) |
5794248 |
| 650 #0 - SUBJECT ADDED ENTRY--TOPICAL TERM |
| Topical term or geographic name as entry element |
Heroes |
| Form subdivision |
Comic books, strips, etc. |
| 9 (RLIN) |
5720039 |
| 650 #1 - SUBJECT ADDED ENTRY--TOPICAL TERM |
| Topical term or geographic name as entry element |
Cartoons and comics |
| 655 #7 - INDEX TERM--GENRE/FORM |
| Genre/form data or focus term |
Superhero comics |
| Source of term |
lcgft |
| 9 (RLIN) |
5709591 |
| 655 #7 - INDEX TERM--GENRE/FORM |
| Genre/form data or focus term |
Action and adventure comics |
| Source of term |
lcgft |
| 9 (RLIN) |
5716592 |
| 655 #7 - INDEX TERM--GENRE/FORM |
| Genre/form data or focus term |
Science fiction comics |
| Source of term |
lcgft |
| 9 (RLIN) |
5695179 |
| 655 #7 - INDEX TERM--GENRE/FORM |
| Genre/form data or focus term |
Graphic novels |
| Source of term |
lcgft |
| 655 #7 - INDEX TERM--GENRE/FORM |
| Genre/form data or focus term |
Comics (Graphic works) |
| Source of term |
lcgft |
| 9 (RLIN) |
5689343 |
| 710 2# - ADDED ENTRY--CORPORATE NAME |
| Corporate name or jurisdiction name as entry element |
Abrams (Publishing company) |
| Relator term |
publisher. |
| 9 (RLIN) |
6480014 |
| 800 1# - SERIES ADDED ENTRY--PERSONAL NAME |
| Personal name |
Maihack, Mike. |
| Title of a work |
Mighty Marvel team-up ; |
| Volume/sequential designation |
bk. 2. |
| 9 (RLIN) |
6480015 |
| 942 ## - ADDED ENTRY ELEMENTS (KOHA) |
| Source of classification or shelving scheme |
Dewey Decimal Classification |
| Koha item type |
BOOK |